| 000 | 00591nam a22001577a 4500 | ||
|---|---|---|---|
| 003 | MACL | ||
| 005 | 20170117170153.0 | ||
| 008 | 170117b xxu||||| |||| 00| 0 eng d | ||
| 040 | _cMACL | ||
| 082 | _a800/RAM | ||
| 100 |
_aराममनोहर लोहिया _966544 |
||
| 245 |
_aराममनोहर लोहिया रचनावली-7 _bभारत चीन ओर उत्तरी सीमाऍ |
||
| 260 |
_aनई दिल्ली _b अनामिका पब्लिशर्स _c2013 |
||
| 650 |
_a रचनावली _9163 |
||
| 942 |
_2ddc _cHIN |
||
| 999 |
_c55919 _d55919 |
||